[Event "XIX Festival A"]
[Site "Arco ITA"]
[Date "1997.11.22"]
[Round "9"]
[White "Wohl, Aleksandar H."]
[Black "Sulava, Nenad"]
[Result "1-0"]
[WhiteElo "2435"]
[BlackElo "2375"]
[PlyCount "60"]
[EventDate "1997.11.14"]

1. Nf3 d6 2. e4 c5 3. c3 Nf6 4. Be2 g6 5. O-O Bg7 6. Re1 O-O 7. Bf1 Bg4 8. d3
Nc6 9. Nbd2 Ne5 10. h3 Nxf3+ 11. Nxf3 Bxf3 12. Qxf3 Qb6 13. g4 Ne8 14. Bg2 Nc7
15. Re2 e5 16. h4 Ne6 17. g5 c4 18. dxc4 Rac8 19. b3 Nf4 20. Bxf4 exf4 21. Qxf4
Bxc3 22. Rd1 Be5 23. Qg4 h5 24. gxh6 Kh7 25. Kh1 f5 26. exf5 gxf5 27. Qh5 Rf6
28. f4 Bxf4 29. Re7+ Kh8 30. Re8+ Rf8 1-0

[Event "VII C.to Mondiale seniores"]
[Site "Bad Wildbad GER"]
[Date "1997.11.14"]
[Round "5"]
[White "Neri, Angelo"]
[Black "Viner, Phillip J."]
[Result "0-1"]
[WhiteElo "1857"]
[BlackElo "2160"]
[PlyCount "74"]
[EventDate "1997.11.09"]

1. e4 e6 2. d4 d5 3. Nc3 Nf6 4. e5 Nfd7 5. f4 c5 6. Nf3 Nc6 7. Bd3 cxd4 8. Ne2
Nc5 9. Nexd4 Nxd3+ 10. Qxd3 Bd7 11. O-O g6 12. Kh1 Qb6 13. Be3 Bc5 14. c3 Nxd4
15. Nxd4 Bxd4 16. Bxd4 Bb5 17. Qd2 Qc7 18. Rf2 b6 19. Qe3 Qc4 20. Qh3 Qc7 21.
Rd2 h5 22. Qf3 h4 23. h3 Rh5 24. Re1 O-O-O 25. Ra1 Rf5 26. Qe3 Kb7 27. b3 Rg8
28. a4 Ba6 29. a5 g5 30. axb6 axb6 31. Rda2 gxf4 32. Qf2 f3 33. gxf3 Ra8 34.
Ra3 Qd8 35. Qa2 Rxf3 36. Kh2 Qg5 37. Rg1 Qf4+ 0-1

[Event "XVII Mitropa Cup"]
[Site "Montecatini Terme ITA"]
[Date "1997.11.09"]
[Round "2.3"]
[White "Tabernig, Bernhard"]
[Black "Wirthensohn, Heinz"]
[Result "1/2-1/2"]
[WhiteElo "2310"]
[BlackElo "2365"]
[Annotator "AUT-SUI"]
[PlyCount "97"]
[EventDate "1997.11.08"]

1. d4 Nf6 2. c4 e6 3. Nc3 Bb4 4. Qc2 O-O 5. a3 Bxc3+ 6. Qxc3 b6 7. Bg5 Ba6 8.
e3 d6 9. Bd3 Nbd7 10. Ne2 c5 11. b4 h6 12. Bh4 cxd4 13. exd4 Rc8 14. Qb3 e5 15.
Rc1 e4 16. Bb1 d5 17. b5 Bb7 18. O-O Rxc4 19. Rxc4 dxc4 20. Qxc4 Qa8 21. Ba2
Bd5 22. Qc2 Bxa2 23. Qxa2 Qd5 24. Qb2 Rc8 25. Bg3 Nf8 26. Be5 N6d7 27. Nc3 Qc5
28. Nxe4 Nxe5 29. Nd6 Qc3 30. Qxc3 Rxc3 31. dxe5 Rxa3 32. Rc1 Ng6 33. f4 Nxf4
34. Rc8+ Kh7 35. Nxf7 Rb3 36. g3 Nh3+ 37. Kg2 Ng5 38. Nxg5+ hxg5 39. e6 Re3 40.
Re8 Kg6 41. Re7 Re5 42. Rxa7 Rxe6 43. Rc7 g4 44. h3 gxh3+ 45. Kxh3 Kf6 46. Kg4
Re4+ 47. Kf3 Re5 48. Rc6+ Re6 49. Rc7 1/2-1/2

[Event "XVII Mitropa Cup"]
[Site "Montecatini Terme ITA"]
[Date "1997.11.12"]
[Round "5.2"]
[White "Prusikin, Michael"]
[Black "Zelcic, Robert"]
[Result "1/2-1/2"]
[WhiteElo "2450"]
[BlackElo "2530"]
[Annotator "CRO-GER"]
[PlyCount "131"]
[EventDate "1997.11.08"]

1. d4 Nf6 2. c4 e6 3. Nc3 Bb4 4. Qc2 O-O 5. a3 Bxc3+ 6. Qxc3 Ne4 7. Qc2 f5 8.
Nf3 b6 9. g3 Bb7 10. Bg2 Nf6 11. O-O Be4 12. Qc3 d6 13. b4 Qe8 14. a4 a5 15. b5
Nbd7 16. Ba3 Rc8 17. Rac1 Ba8 18. Qc2 Ne4 19. Nd2 Nxd2 20. Qxd2 Bxg2 21. Kxg2
Qh5 22. c5 f4 23. cxd6 f3+ 24. Kg1 fxe2 25. Rfe1 Qf3 26. Qe3 Qxe3 27. fxe3 cxd6
28. Bxd6 Rf1+ 29. Rxf1 exf1=Q+ 30. Rxf1 Rc4 31. Kg2 h5 32. Kf3 Nf6 33. Kf4 Kf7
34. Be5 Rxa4 35. Rc1 Rb4 36. Rc7+ Kg6 37. Rc6 Nd5+ 38. Kf3 Rb3 39. Rxe6+ Kf5
40. Re8 Rxe3+ 41. Kf2 Rb3 42. Bxg7 Rxb5 43. Re5+ Kg6 44. Bf8 Rb2+ 45. Kf3 Nf6
46. Be7 a4 47. d5 Nd7 48. Re6+ Kf5 49. h3 Rb3+ 50. Re3 Ne5+ 51. Ke2 Rxe3+ 52.
Kxe3 a3 53. Bxa3 Nc4+ 54. Kd4 Nxa3 55. g4+ Kf6 56. gxh5 Nb5+ 57. Kd3 Nd6 58.
Kd4 Kf5 59. h4 Kf6 60. h6 Kg6 61. h5+ Kxh6 62. Ke5 Nf7+ 63. Ke6 Kg7 64. d6 b5
65. d7 Nd8+ 66. Kd5 1/2-1/2

[Event "XVII Mitropa Cup"]
[Site "Montecatini Terme ITA"]
[Date "1997.11.12"]
[Round "5.3"]
[White "Golubovic, Boris"]
[Black "Wilhelmi, Christian"]
[Result "0-1"]
[WhiteElo "2435"]
[BlackElo "2405"]
[Annotator "CRO-GER"]
[PlyCount "140"]
[EventDate "1997.11.08"]

1. e4 c5 2. Nf3 e6 3. g3 Nc6 4. Bg2 Nf6 5. d3 d5 6. Nbd2 Be7 7. O-O b6 8. Re1
Bb7 9. Qe2 Nb4 10. Qd1 dxe4 11. Ng5 O-O 12. Ngxe4 Qd7 13. a3 Nc6 14. Nxf6+ Bxf6
15. Ne4 Be7 16. Bd2 Nd4 17. Bc3 Rac8 18. a4 Rfe8 19. Nd2 Bxg2 20. Kxg2 Qd5+ 21.
f3 f5 22. Bxd4 cxd4 23. Nc4 Bf6 24. b3 e5 25. Qe2 Rc6 26. Kg1 Rce6 27. Qg2 a6
28. Re2 b5 29. axb5 axb5 30. Nd2 Qc5 31. Nf1 e4 32. fxe4 fxe4 33. Rae1 e3 34.
g4 Bh4 35. Ng3 Qg5 36. Rf1 Qxg4 37. Ne4 Qh5 38. Kh1 Bf2 39. Rexf2 exf2 40. Rxf2
Kh8 41. h3 Rg6 42. Qf1 h6 43. Rf5 Qh4 44. Qf3 Kh7 45. Kh2 Qe1 46. Qf2 Qxf2+ 47.
Rxf2 Rc8 48. b4 Ra8 49. Nc5 Ra2 50. Nb3 Ra4 51. Nxd4 Rxb4 52. Nb3 Rg5 53. d4
Rc4 54. Rd2 Kg8 55. d5 Rc7 56. h4 Rf5 57. Na5 Rd7 58. Nc6 Kf8 59. Nb4 Rf4 60.
c3 Rxh4+ 61. Kg3 Rc4 62. Rd3 Ke7 63. Nc2 Kd6 64. Ne3 Kc5 65. Kf3 Ra4 66. Rd1
Rf7+ 67. Ke2 Re4 68. d6 Rd7 69. Rg1 Rxd6 70. Kf3 Re7 0-1

[Event "XVII Mitropa Cup"]
[Site "Montecatini Terme ITA"]
[Date "1997.11.13"]
[Round "6.3"]
[White "Wirthensohn, Heinz"]
[Black "Ptacnikova, Lenka"]
[Result "1/2-1/2"]
[WhiteElo "2365"]
[BlackElo "2295"]
[Annotator "CZE-SUI"]
[PlyCount "93"]
[EventDate "1997.11.08"]

1. Nf3 Nf6 2. c4 c5 3. Nc3 Nc6 4. e3 e6 5. d4 cxd4 6. exd4 d5 7. cxd5 exd5 8.
Bb5 a6 9. Bxc6+ bxc6 10. O-O Be7 11. Ne5 Bd7 12. Qa4 Qc8 13. Bg5 O-O 14. Bxf6
Bxf6 15. Nxd5 Bd8 16. Rac1 Qb7 17. Nxd7 Qxd7 18. Qxc6 Ra7 19. Rfd1 Re8 20. Nb4
Bf6 21. Qxd7 Rxd7 22. Nxa6 Bxd4 23. Kf1 Bxb2 24. Rxd7 Bxc1 25. Rb7 Bf4 26. g3
Bd6 27. Rd7 Bf8 28. Rb7 Ra8 29. Rb6 Re8 30. Rb8 Re6 31. Nc5 Rd6 32. a4 g6 33.
a5 Kg7 34. Nb3 Rc6 35. Rb6 Rc2 36. a6 Ra2 37. Rc6 h5 38. Nd4 Ra5 39. Ke2 Bc5
40. Kd3 Ba7 41. Ne6+ Kh6 42. Nc7 Bxf2 43. Rf6 Ba7 44. Rxf7 Bb8 45. h4 Bxc7 46.
Rxc7 Rxa6 47. Ke4 1/2-1/2

[Event "XVII Mitropa Cup"]
[Site "Montecatini Terme ITA"]
[Date "1997.11.14"]
[Round "7.2"]
[White "Marzolo, Cyril"]
[Black "Bellini, Fabio"]
[Result "1/2-1/2"]
[WhiteElo "2320"]
[BlackElo "2415"]
[Annotator "ITA-FRA"]
[PlyCount "129"]
[EventDate "1997.11.08"]

1. d4 d5 2. c4 e6 3. Nc3 Be7 4. Nf3 Nf6 5. Bg5 O-O 6. cxd5 exd5 7. e3 c6 8. Qc2
Nbd7 9. Bd3 Re8 10. h3 Nf8 11. Bf4 c5 12. Bb5 Bd7 13. Bxd7 N8xd7 14. O-O Rc8
15. Qb3 Nb6 16. dxc5 Rxc5 17. Rad1 Qc8 18. Be5 Rd8 19. Nb5 a6 20. Nc3 Nbd7 21.
Bf4 b5 22. a4 Rc4 23. axb5 Rb4 24. Qa2 axb5 25. Nxd5 Nxd5 26. Rxd5 Bf6 27. Rfd1
Rxb2 28. Qa7 Nf8 29. Ne5 Qc2 30. Qxf7+ Kh8 31. Bg3 Qxd1+ 32. Rxd1 Rxd1+ 33. Kh2
Rd8 34. Ng4 Bc3 35. Qc7 Rd3 36. Ne5 Bxe5 37. Bxe5 Rd7 38. Qc8 Rxf2 39. Kg3 Rdf7
40. Qb8 R2f5 41. Bf4 h6 42. Bd6 Kh7 43. Bxf8 Rxf8 44. Qb7 R8f7 45. Qe4 Kh8 46.
Kh2 Rf8 47. Qd4 Rb8 48. g4 Rf7 49. Qe5 Rbf8 50. Qxb5 Rf3 51. Qe5 Rf2+ 52. Kg3
Rc2 53. Qe4 Rb2 54. Qe5 Re2 55. Qb5 Rxe3+ 56. Kg2 Rfe8 57. h4 R3e5 58. Qd3 Re4
59. Kf3 Rb4 60. Qc3 Reb8 61. Qc7 Rf8+ 62. Kg3 Ra4 63. Kg2 Ra3 64. Qc4 Ra2+ 65.
Kg1 1/2-1/2

[Event "XVII Mitropa Cup"]
[Site "Montecatini Terme ITA"]
[Date "1997.11.14"]
[Round "7.2"]
[White "Mrva, Martin"]
[Black "Prusikin, Michael"]
[Result "1/2-1/2"]
[WhiteElo "2395"]
[BlackElo "2450"]
[Annotator "GER-SVK"]
[PlyCount "124"]
[EventDate "1997.11.08"]

1. e4 c6 2. d4 d5 3. exd5 cxd5 4. Bd3 Nc6 5. c3 Nf6 6. h3 g6 7. Nf3 Bf5 8. Bxf5
gxf5 9. Qd3 e6 10. Nbd2 Qc7 11. Nb3 O-O-O 12. g3 Ne4 13. Bf4 Bd6 14. Bxd6 Qxd6
15. Qe3 Kb8 16. O-O-O Rc8 17. Kb1 Rc7 18. Ne1 f6 19. Nd3 Re8 20. Nf4 b6 21.
Rhe1 Rce7 22. Qf3 a5 23. a4 Nd8 24. Nh5 Qc6 25. Qf4+ e5 26. Qxf5 Qxa4 27. Kc2
Nxc3 28. bxc3 Qa2+ 29. Kd3 Qxb3 30. Rb1 Qc4+ 31. Kd2 exd4 32. Rxe7 Qxc3+ 33.
Ke2 Rxe7+ 34. Kf1 d3 35. Qxd5 Nb7 36. Kg2 Qe5 37. Nf4 Ka7 38. Qxd3 Qe4+ 39.
Qxe4 Rxe4 40. Nd5 Re6 41. f4 Rd6 42. Rb5 Rc6 43. Rb2 Ka6 44. Ra2 Ka7 45. Rb2
Nd6 46. g4 Nc4 47. Rb1 Rd6 48. Nc7 Kb7 49. Nb5 Rd2+ 50. Kf3 Kc6 51. Ke4 Nd6+
52. Ke3 Nc4+ 53. Ke4 Nd6+ 54. Ke3 Rd5 55. Nd4+ Kb7 56. h4 b5 57. g5 Kb6 58.
gxf6 b4 59. Nf3 Rf5 60. Ne5 Kb5 61. Nd7 Nc4+ 62. Ke4 Rxf6 1/2-1/2

[Event "XI Festival Golfo di Napoli A"]
[Site "Napoli ITA"]
[Date "1997.11.02"]
[Round "8"]
[White "Laketic, Gojko"]
[Black "Cocozza, Mario"]
[Result "1/2-1/2"]
[WhiteElo "2425"]
[BlackElo "2315"]
[PlyCount "120"]
[EventDate "1997.10.26"]

1. d4 Nf6 2. Nf3 g6 3. c4 Bg7 4. Nc3 d5 5. Bg5 Ne4 6. cxd5 Nxg5 7. Nxg5 c6 8.
e3 e6 9. Nf3 exd5 10. Be2 O-O 11. O-O Be6 12. Ne1 Nd7 13. Nd3 Qe7 14. Na4 b6
15. b4 a5 16. a3 axb4 17. axb4 Rfc8 18. Rc1 b5 19. Nac5 Nb6 20. Nb3 Nc4 21. Ra1
Bf5 22. Ndc5 Ra7 23. Rxa7 Qxa7 24. Qa1 Ra8 25. Qxa7 Rxa7 26. Ra1 Rxa1+ 27. Nxa1
Kf8 28. Nab3 Ke7 29. Kf1 h5 30. Ke1 Kd6 31. Bxc4 bxc4 32. Nc1 h4 33. Kd2 Bf6
34. Ne2 Kc7 35. Nc3 Be7 36. Ne2 Bd6 37. g3 hxg3 38. hxg3 Bg4 39. Ng1 Bh5 40.
Nh3 Bg4 41. Ng1 Bh5 42. Kc3 g5 43. Nh3 f6 44. f4 Bg4 45. Nf2 gxf4 46. exf4 Bc8
47. Nd1 Kb6 48. Ne3 Kb5 49. Nc2 Bf5 50. Na3+ Kb6 51. Na4+ Kc7 52. Nb2 Bg4 53.
Nc2 Kb6 54. Na4+ Kb5 55. Nc5 Bf5 56. Ne3 Bc8 57. Nc2 Bf5 58. Na3+ Kb6 59. Kd2
Bc8 60. Kc3 Bf5 1/2-1/2

[Event "XI Festival Golfo di Napoli A"]
[Site "Napoli ITA"]
[Date "1997.11.02"]
[Round "8"]
[White "Naumkin, Igor"]
[Black "Mazzei, Alessandro"]
[Result "1/2-1/2"]
[WhiteElo "2410"]
[BlackElo "1974"]
[PlyCount "50"]
[EventDate "1997.10.26"]

1. d4 Nf6 2. Nf3 d5 3. c4 c6 4. Nc3 e6 5. e3 Nbd7 6. Qc2 Bd6 7. Bd3 O-O 8. O-O
e5 9. cxd5 cxd5 10. e4 dxe4 11. Nxe4 Nxe4 12. Bxe4 h6 13. Rd1 Qf6 14. Be3 Re8
15. Rac1 exd4 16. Bxd4 Ne5 17. Nxe5 Bxe5 18. Bxe5 Qxe5 19. Bf3 Bf5 20. Qd2 Be4
21. Re1 Qf5 22. Bxe4 Rxe4 23. Rxe4 Qxe4 24. h3 Re8 25. a3 Re7 1/2-1/2

[Event "Torneo Scheveningen"]
[Site "Bernate Ticino ITA"]
[Date "1997.10.19"]
[Round "1"]
[White "Castaldo, Folco"]
[Black "Sala, Gianni"]
[Result "1/2-1/2"]
[WhiteElo "2170"]
[BlackElo "1663"]
[PlyCount "62"]
[EventDate "1997.10.19"]

1. e4 e5 2. Nf3 Nc6 3. Bb5 a6 4. Bxc6 dxc6 5. O-O Bg4 6. h3 h5 7. d3 Bxf3 8.
Qxf3 Qf6 9. Qe2 g5 10. Be3 Bd6 11. c3 Ne7 12. Nd2 O-O-O 13. b4 Rdg8 14. f3 Ng6
15. Nc4 Nf4 16. Qd2 g4 17. fxg4 hxg4 18. Nxd6+ Qxd6 19. Bxf4 exf4 20. Qxf4 gxh3
21. Qxd6 Rxg2+ 22. Kh1 cxd6 23. Rxf7 Rd2 24. Rf3 h2 25. a4 Rg8 26. Raf1 Rgg2
27. a5 Rc2 28. Rf8+ Kd7 29. R8f7+ Kc8 30. Rf8+ Kd7 31. R8f7+ Ke6 1/2-1/2

[Event "Torneo Scheveningen"]
[Site "Bernate Ticino ITA"]
[Date "1997.10.19"]
[Round "1"]
[White "Cavallini, Gianfranco"]
[Black "Aglietti, Graziano"]
[Result "0-1"]
[WhiteElo "2065"]
[BlackElo "1857"]
[PlyCount "102"]
[EventDate "1997.10.19"]

1. c4 Nf6 2. Nc3 d5 3. cxd5 Nxd5 4. Nf3 g6 5. Qa4+ Bd7 6. Qc4 Nb6 7. Qd4 f6 8.
d3 Nc6 9. Qh4 h5 10. Nd4 Nxd4 11. Qxd4 Bc6 12. Qe3 Qd6 13. Qg3 Qxg3 14. hxg3
Bg7 15. e4 O-O-O 16. Be3 e5 17. Bxb6 axb6 18. O-O-O Rd6 19. b4 b5 20. Kb2 f5
21. Be2 Rd4 22. Kb3 Rf8 23. Bf3 Rfd8 24. exf5 Bxf3 25. gxf3 gxf5 26. Kc2 Rh8
27. a3 c6 28. Rh3 Kb8 29. Ne2 Rd6 30. Nc1 b6 31. Rdh1 e4 32. fxe4 fxe4 33. Rxh5
Rf8 34. R5h2 Rfd8 35. Rd1 c5 36. Rhh1 Rf8 37. Rhf1 cxb4 38. dxe4 Rc6+ 39. Kb3
Rc3+ 40. Kxb4 Rfc8 41. Rd5 Bf8+ 42. Kxb5 Rxa3 43. Kxb6 Ra7 44. Rb5 Rcc7 45. Rd1
Rcb7+ 46. Kc6 Ra6+ 47. Kd5 Rxb5+ 48. Kc4 Rc5+ 49. Kd3 Rd6+ 50. Ke2 Rc2+ 51. Ke1
Rh6 0-1

[Event "Torneo Scheveningen"]
[Site "Bernate Ticino ITA"]
[Date "1997.10.19"]
[Round "1"]
[White "Ranieri, Fabrizio"]
[Black "Marra, Giuseppe"]
[Result "1-0"]
[WhiteElo "2200"]
[BlackElo "1603"]
[PlyCount "41"]
[EventDate "1997.10.19"]

1. e4 c5 2. Nf3 Nc6 3. d4 cxd4 4. Nxd4 e5 5. Nf3 Nf6 6. Bc4 Nxe4 7. O-O d6 8.
Qd5 Be6 9. Qxe4 d5 10. Bxd5 Bxd5 11. Qe2 Be7 12. Nxe5 O-O 13. Rd1 Bf6 14. Ng4
Re8 15. Ne3 Qa5 16. Bd2 Qc5 17. Bc3 Bxc3 18. Nxc3 Rad8 19. Qh5 Re5 20. Qh4 Ne7
21. Ncxd5 1-0

[Event "Torneo Scheveningen"]
[Site "Bernate Ticino ITA"]
[Date "1997.10.19"]
[Round "1"]
[White "Sgnaolin, Davide"]
[Black "Pulito, Alberto"]
[Result "1-0"]
[WhiteElo "2055"]
[BlackElo "1741"]
[PlyCount "69"]
[EventDate "1997.10.19"]

1. e4 e6 2. d4 d5 3. Nc3 dxe4 4. Nxe4 Nd7 5. Nf3 Ngf6 6. Bd3 Nxe4 7. Bxe4 Nf6
8. Bd3 Be7 9. O-O O-O 10. Ne5 c5 11. dxc5 Bxc5 12. Bg5 h6 13. Bf4 Nd5 14. Bg3
Bd7 15. c4 Nf6 16. Qf3 b6 17. Rad1 Qe7 18. Bh4 g5 19. Bg3 Rad8 20. Rfe1 Kg7 21.
h4 Rh8 22. Bc2 a5 23. a3 Kg8 24. Qc3 Nh5 25. Rxd7 Rxd7 26. Nxd7 Qxd7 27. Be5
Rh7 28. Qf3 f6 29. Bxh7+ Kxh7 30. Qxh5 fxe5 31. hxg5 Bxf2+ 32. Kxf2 Qd2+ 33.
Qe2 Qd4+ 34. Qe3 Qxb2+ 35. Re2 1-0

[Event "Torneo Scheveningen"]
[Site "Bernate Ticino ITA"]
[Date "1997.10.19"]
[Round "2"]
[White "Aglietti, Graziano"]
[Black "Sgnaolin, Davide"]
[Result "0-1"]
[WhiteElo "1857"]
[BlackElo "2055"]
[PlyCount "94"]
[EventDate "1997.10.19"]

1. e4 c5 2. c3 Nf6 3. e5 Nd5 4. d4 cxd4 5. Nf3 e6 6. cxd4 b6 7. Nc3 Nxc3 8.
bxc3 Qc7 9. Bd2 Be7 10. Bd3 Ba6 11. Bxa6 Nxa6 12. Qe2 Nb8 13. O-O O-O 14. c4 d6
15. Bb4 Nc6 16. exd6 Bxd6 17. Bxd6 Qxd6 18. Rfd1 Rac8 19. Rab1 Na5 20. Ne5 f6
21. c5 bxc5 22. Nf3 cxd4 23. Rxd4 Qc6 24. Rbd1 Nb7 25. Rd7 Rcd8 26. Rxd8 Rxd8
27. Rxd8+ Nxd8 28. h3 a5 29. Qd1 Qd5 30. Qa4 Kf7 31. Nd4 h6 32. Nb5 Nc6 33. Nc3
Qc5 34. Ne4 Qd5 35. Nc3 Qc5 36. Ne4 Qc1+ 37. Kh2 Qf4+ 38. g3 Qc7 39. Qd1 Ne5
40. f4 Nc6 41. Qh5+ Kf8 42. Qc5+ Kg8 43. a3 Qb7 44. Nd6 Qb2+ 45. Kh1 Nd4 46.
Qc4 Qf2 47. f5 Nf3 0-1

[Event "Torneo Scheveningen"]
[Site "Bernate Ticino ITA"]
[Date "1997.10.19"]
[Round "2"]
[White "Marra, Giuseppe"]
[Black "Castaldo, Folco"]
[Result "0-1"]
[WhiteElo "1603"]
[BlackElo "2170"]
[PlyCount "130"]
[EventDate "1997.10.19"]

1. Nc3 g6 2. g3 Bg7 3. d4 d5 4. Nf3 Nf6 5. Bg2 O-O 6. O-O Nbd7 7. Bf4 c6 8. Qd2
Re8 9. Rfe1 Nf8 10. e4 dxe4 11. Nxe4 Be6 12. Bh6 Bh8 13. Nfg5 Bf5 14. Qf4 Nxe4
15. Bxe4 Ne6 16. Nxe6 Bxe6 17. c3 Bd5 18. b3 Qd7 19. Bxd5 cxd5 20. Qd2 Rac8 21.
Be3 Rc6 22. Rac1 b5 23. Qd3 a6 24. Kg2 Qf5 25. Qxf5 gxf5 26. f4 Rec8 27. Bd2 e6
28. Kh3 Bf6 29. a3 h5 30. Kg2 Kf8 31. Kf3 Ke7 32. h3 Rg8 33. Rg1 Rcc8 34. Rg2
Kd7 35. Rcg1 Rc6 36. g4 fxg4+ 37. hxg4 hxg4+ 38. Rxg4 Rgc8 39. R4g3 Rxc3+ 40.
Bxc3 Rxc3+ 41. Ke2 Rxg3 42. Rxg3 Bxd4 43. Kd3 Bb2 44. a4 bxa4 45. bxa4 Ba3 46.
Rg8 a5 47. Ra8 Bb4 48. Ra7+ Ke8 49. Kd4 Be1 50. Ra8+ Ke7 51. Rc8 Bf2+ 52. Kd3
Kf6 53. Ke2 Bb6 54. Rc6 Bd8 55. Kf3 Be7 56. Kg4 Bb4 57. f5 Ke5 58. fxe6 fxe6
59. Kf3 d4 60. Rb6 d3 61. Rb5+ Kd4 62. Rb6 e5 63. Kf2 e4 64. Re6 Bd2 65. Rd6+
Ke5 0-1

[Event "Torneo Scheveningen"]
[Site "Bernate Ticino ITA"]
[Date "1997.10.19"]
[Round "2"]
[White "Pulito, Alberto"]
[Black "Cavallini, Gianfranco"]
[Result "1-0"]
[WhiteElo "1741"]
[BlackElo "2065"]
[PlyCount "59"]
[EventDate "1997.10.19"]

1. e4 e5 2. Nf3 d6 3. d4 Nf6 4. Nc3 Nbd7 5. Bc4 Be7 6. Bxf7+ Kxf7 7. Ng5+ Kg8
8. Ne6 Qe8 9. Nxc7 Qg6 10. Nxa8 Qxg2 11. Rf1 exd4 12. Qxd4 Ne5 13. f4 Bh3 14.
Qf2 Neg4 15. Qxg2 Bxg2 16. Rg1 Kf7 17. Rxg2 Rxa8 18. h3 Nh6 19. Be3 d5 20. e5
Ne4 21. Nxd5 Bh4+ 22. Ke2 Rc8 23. c3 Nf5 24. Kf3 Nc5 25. Bxc5 Rxc5 26. Ne3 Ne7
27. Rd1 g5 28. Rd4 h5 29. Rgd2 Rb5 30. Nc4 1-0

[Event "Torneo Scheveningen"]
[Site "Bernate Ticino ITA"]
[Date "1997.10.19"]
[Round "2"]
[White "Sala, Gianni"]
[Black "Ranieri, Fabrizio"]
[Result "1-0"]
[WhiteElo "1663"]
[BlackElo "2200"]
[PlyCount "159"]
[EventDate "1997.10.19"]

1. e4 e6 2. d4 d5 3. Nc3 Bb4 4. e5 c5 5. a3 Bxc3+ 6. bxc3 Ne7 7. a4 Bd7 8. Nf3
Qa5 9. Bd2 Nbc6 10. Bb5 f6 11. c4 Qc7 12. cxd5 Nxd5 13. exf6 gxf6 14. dxc5
O-O-O 15. a5 Ne5 16. Bxd7+ Rxd7 17. Nd4 Qxc5 18. Nb3 Qc6 19. Qe2 Rg8 20. a6 b6
21. Nd4 Qa8 22. Nf3 Rxg2 23. Nxe5 fxe5 24. Qf3 Nc7 25. Qxa8+ Nxa8 26. Be3 Nc7
27. c4 Rg4 28. c5 b5 29. Ke2 Nd5 30. Rhg1 Nxe3 31. Kxe3 Rxg1 32. Rxg1 Kc7 33.
Ke4 Kc6 34. Kxe5 Kxc5 35. f4 b4 36. Rc1+ Kb5 37. Kxe6 Rd2 38. f5 Re2+ 39. Kd5
Rf2 40. Ke6 Kxa6 41. f6 Kb5 42. f7 a5 43. Rc2 Rf3 44. Rc8 a4 45. f8=Q Rxf8 46.
Rxf8 Kc4 47. Rc8+ Kb3 48. Kd5 a3 49. Kd4 Ka2 50. Rb8 b3 51. Kc3 b2 52. Kc2 h5
53. h4 b1=B+ 54. Kc3 Bg6 55. Rb5 Ka1 56. Rb3 Ka2 57. Kb4 Bf5 58. Rxa3+ Kb2 59.
Ra5 Bg4 60. Kc4 Kc2 61. Ra2+ Kd1 62. Kd4 Ke1 63. Ke4 Be6 64. Rb2 Kf1 65. Kf4
Kg1 66. Kg3 Kf1 67. Kf4 Kg1 68. Kg5 Bg4 69. Rb6 Kg2 70. Kf4 Kh3 71. Kg5 Kg3 72.
Rb3+ Kf2 73. Kf4 Ke2 74. Rg3 Bd7 75. Rg6 Be8 76. Rh6 Kf2 77. Kg5 Kg3 78. Rxh5
Bxh5 79. Kxh5 Kf4 80. Kg6 1-0

[Event "Torneo Scheveningen"]
[Site "Bernate Ticino ITA"]
[Date "1997.10.20"]
[Round "3"]
[White "Castaldo, Folco"]
[Black "Pulito, Alberto"]
[Result "1-0"]
[WhiteElo "2170"]
[BlackElo "1741"]
[PlyCount "101"]
[EventDate "1997.10.19"]

1. e4 e6 2. d4 d5 3. Nd2 Nf6 4. e5 Nfd7 5. Bd3 c5 6. c3 Nc6 7. Ne2 cxd4 8. cxd4
f6 9. exf6 Qxf6 10. Nf3 h6 11. O-O Bd6 12. Bb1 O-O 13. Qd3 Rd8 14. g3 Nf8 15.
Bf4 Bxf4 16. Nxf4 Bd7 17. Re1 Rac8 18. a3 a6 19. b4 Na7 20. Ne5 Nb5 21. h4 Be8
22. Ne2 Nd6 23. Nc3 Bb5 24. Qe3 Rc7 25. Ng4 Qf7 26. Nxb5 Nxb5 27. Bd3 Rc3 28.
a4 Rxd3 29. Qxd3 Nd6 30. Ne5 Qf6 31. Kg2 Nf5 32. Rac1 Ng6 33. Rc7 Nfxh4+ 34.
Kh1 Qxf2 35. Qf1 Qxf1+ 36. Rxf1 Nxe5 37. gxh4 Nc6 38. Rf4 Nxb4 39. Rxb7 a5 40.
Rg4 Nc6 41. Rgxg7+ Kh8 42. Rh7+ Kg8 43. Rbg7+ Kf8 44. Rc7 Kg8 45. Rhg7+ Kh8 46.
Rg4 Rd6 47. Rc8+ Kh7 48. h5 e5 49. Rg6 Ne7 50. Rxd6 Nxc8 51. Rd7+ 1-0

[Event "Torneo Scheveningen"]
[Site "Bernate Ticino ITA"]
[Date "1997.10.20"]
[Round "3"]
[White "Cavallini, Gianfranco"]
[Black "Marra, Giuseppe"]
[Result "1-0"]
[WhiteElo "2065"]
[BlackElo "1603"]
[PlyCount "47"]
[EventDate "1997.10.19"]

1. c4 Nf6 2. Nc3 g6 3. Nf3 Bg7 4. d3 O-O 5. h4 h5 6. e4 d6 7. Be2 Nc6 8. Bf4 e5
9. Bg5 Be6 10. Nd5 Bxd5 11. cxd5 Nd4 12. O-O Nxf3+ 13. Bxf3 Qd7 14. g3 Rac8 15.
Rc1 Rfe8 16. Qd2 c5 17. Bg2 Rf8 18. f4 Ng4 19. f5 f6 20. Be3 Qf7 21. Bh3 Nxe3
22. Qxe3 Kh7 23. fxg6+ Kxg6 24. Bf5# 1-0

[Event "Torneo Scheveningen"]
[Site "Bernate Ticino ITA"]
[Date "1997.10.20"]
[Round "3"]
[White "Ranieri, Fabrizio"]
[Black "Aglietti, Graziano"]
[Result "1-0"]
[WhiteElo "2200"]
[BlackElo "1857"]
[PlyCount "59"]
[EventDate "1997.10.19"]

1. e4 c5 2. Nf3 Nc6 3. d4 cxd4 4. Nxd4 g6 5. Nc3 Bg7 6. Be3 d6 7. f3 Nf6 8. Qd2
O-O 9. O-O-O d5 10. Kb1 Nxd4 11. e5 Nxf3 12. gxf3 Nd7 13. Nxd5 Bxe5 14. Bg5 Re8
15. h4 h5 16. f4 Bd6 17. f5 Ne5 18. fxg6 fxg6 19. Be2 Bf5 20. Nf4 Rc8 21. Qd5+
Kh7 22. Bd3 Nxd3 23. Qf7+ Kh8 24. Nxg6+ Bxg6 25. Qxg6 Qb6 26. Qxh5+ Kg8 27.
Qg6+ Kh8 28. Rxd3 Rf8 29. Be3 Qc6 30. Qh6+ 1-0

[Event "Torneo Scheveningen"]
[Site "Bernate Ticino ITA"]
[Date "1997.10.20"]
[Round "3"]
[White "Sgnaolin, Davide"]
[Black "Sala, Gianni"]
[Result "1-0"]
[WhiteElo "2055"]
[BlackElo "1663"]
[PlyCount "115"]
[EventDate "1997.10.19"]

1. e4 e5 2. Nf3 Nc6 3. Bb5 a6 4. Bxc6 dxc6 5. O-O Bg4 6. h3 h5 7. d3 Bxf3 8.
Qxf3 Qf6 9. Nd2 Bc5 10. Qxf6 Nxf6 11. Nc4 Nd7 12. Bd2 O-O-O 13. a4 f6 14. b4
Bb6 15. b5 cxb5 16. axb5 Nc5 17. Rfb1 axb5 18. Rxb5 Kb8 19. Be3 Nd7 20. Bxb6
cxb6 21. Nxb6 Nxb6 22. Rxb6 Rd7 23. Rab1 Rc8 24. R1b2 Rcc7 25. Kf1 Ka7 26. Re6
Rc3 27. Ke2 Ra3 28. Re8 Ra6 29. Rh8 g6 30. Rg8 g5 31. Rh8 h4 32. Kf3 Ra1 33.
Rf8 Ra6 34. Kg4 Rc6 35. Kf5 Rdc7 36. c4 Rd6 37. Rxf6 Rxd3 38. Ra2+ Kb8 39. Rf8+
Rc8 40. Rxc8+ Kxc8 41. Kxe5 Kc7 42. Kf6 Rd4 43. e5 g4 44. e6 gxh3 45. gxh3 Kd6
46. e7 Rf4+ 47. Kg5 Re4 48. f4 Rxe7 49. Rd2+ Kc5 50. f5 Rg7+ 51. Kxh4 Kxc4 52.
f6 Rh7+ 53. Kg4 b5 54. Rf2 Rh8 55. f7 Rf8 56. Kg5 b4 57. Kg6 b3 58. Kg7 1-0

[Event "Torneo Scheveningen"]
[Site "Bernate Ticino ITA"]
[Date "1997.10.21"]
[Round "4"]
[White "Aglietti, Graziano"]
[Black "Castaldo, Folco"]
[Result "0-1"]
[WhiteElo "1857"]
[BlackElo "2170"]
[PlyCount "83"]
[EventDate "1997.10.19"]

1. e4 g6 2. d4 Bg7 3. c3 c6 4. Bd3 Nf6 5. Ne2 O-O 6. O-O d6 7. f3 e5 8. Be3
Nbd7 9. Nd2 Qc7 10. Qe1 b6 11. a4 a5 12. b4 exd4 13. cxd4 axb4 14. Nb3 c5 15.
Qc1 Ba6 16. Bxa6 Rxa6 17. Qc4 Rfa8 18. Qb5 Qa7 19. dxc5 bxc5 20. a5 Ne5 21.
Rad1 Rb8 22. Qa4 Nc4 23. Bf2 Nb2 24. Qa2 Nxd1 25. Rxd1 Qe7 26. Qc2 Rc6 27. Qc4
Qe6 28. Qc2 Qc8 29. Bg3 Ne8 30. Nf4 c4 31. Nd5 Qd7 32. Nd4 Bxd4+ 33. Rxd4 b3
34. Qb2 c3 35. Nxc3 Rxc3 36. Qxc3 b2 37. Rd1 b1=Q 38. Rxb1 Rxb1+ 39. Kf2 Qa7+
40. Ke2 Qc5 41. Be1 Qxc3 42. Bxc3 0-1

[Event "Torneo Scheveningen"]
[Site "Bernate Ticino ITA"]
[Date "1997.10.21"]
[Round "4"]
[White "Marra, Giuseppe"]
[Black "Sgnaolin, Davide"]
[Result "0-1"]
[WhiteElo "1603"]
[BlackElo "2055"]
[PlyCount "36"]
[EventDate "1997.10.19"]

1. e4 c5 2. Nf3 Nc6 3. d4 cxd4 4. c3 Nf6 5. e5 Nd5 6. cxd4 e6 7. Bc4 Nb6 8. b3
Nxc4 9. bxc4 d5 10. O-O b6 11. Ba3 Bxa3 12. Nxa3 Na5 13. Rc1 dxc4 14. Nxc4 Nxc4
15. Rxc4 O-O 16. Qa4 Qd5 17. Rfc1 b5 18. Rc5 bxa4 0-1